Matemáticas 4 : segundo ciclo de primaria

Saved in:
Bibliographic Details
Other Authors: Ferrero, Luis
Format: Book
Language:Spanish
Published: Madrid : Anaya, 2001
Textbook Catalogue:MANES:  Library Catalog Search Result
Textbook Classification:
Series:La tira de colores
Tags: Add Tag
No Tags, Be the first to tag this record!
Added to:2005-09-12
Changed in:2025-05-07

MARC

LEADER 00000cam a2200000 i 4500
005 20250507134554.0
008 050913s2001 espa fp 000 0 spa d
020 |a 8466702601 
040 |a uned  |b spa  |c entro-manes 
245 0 0 |a Matemáticas 4 :   |b segundo ciclo de primaria /   |c Luis Ferrero ... [et al.] 
260 |a Madrid :   |b Anaya,   |c 2001 
300 |a 199 p. :   |b il. 
490 0 |a La tira de colores 
546 |a España 
561 |5 es-BUNED  |3 L.T.M. 0789  |a España. Fondo Manes UNED  |k MANES 
690 0 |a MATE 
691 0 |a PRI 
700 1 |a Ferrero, Luis   |q (Ferrero de Pablo)   |9 33514 
942 |2 ddc  |c BK 
999 |c 97576  |d 97576 
999 |c manes:97576  |d 97576